00801nam a2200205 a 4500008004100000020001500041050001400056100005400070245002400124250006600148260004900214300001700263350000900280500013200289650001400421650002000435650002000455856005600475856006400531120416s1994 ||||||||||||||||| || u a0226320618 aHD 82 Hay aHayek, Friedrich A. von (Friedrich August), 1899-14aThe road to serfdom a50th anniversary ed. / with a new introd. by Milton Friedman. aChicago :bUniversity of Chicago Pressc1994 a274p. : ill. a0.00 aOriginally published: Chicago : University of Chicago Press, 1944. -Includes bibliographical references (p. 263-266) and index. 0aECONOMICS aTotalitarianism 0aECONOMIC POLICY uhttp://www.loc.gov/catdir/toc/uchi051/94027675.html uhttp://www.loc.gov/catdir/description/uchi051/94027675.html